The politics of exile ; Paraguay's Febrerista Party /

Bibliographic Details
Main Author: Lewis, Paul H.
Format: Book
Language:English
Published: [Chapel Hill] : [University of North Carolina Press], [1968]
Subjects:

MARC

Tag First Indicator Second Indicator Subfields
LEADER 00000cam a22000001 4500
001 in00000213313
005 20151009063836.0
008 700901s1968 ncu b 00010 eng
010 |a  68014358  
035 |a (OCoLC)00438355 
035 |9 AAY0985AM 
040 |a DLC  |c DLC  |d TXA  |d UtOrBLW 
049 |a TXAM  |c [482948] 
050 0 0 |a JL3298.R47  |b L45 
082 0 |a 329.9/892 
100 1 |a Lewis, Paul H. 
245 1 4 |a The politics of exile ;  |b Paraguay's Febrerista Party /  |c [by] Paul H. Lewis. 
264 1 |a [Chapel Hill] :  |b [University of North Carolina Press],  |c [1968] 
300 |a xxv, 209 pages ;  |c 23 cm. 
336 |a text  |b txt  |2 rdacontent 
337 |a unmediated  |b n  |2 rdamedia 
338 |a volume  |b nc  |2 rdacarrier 
504 |a Bibliography: pages 199-203. 
610 2 0 |a Partido Revolucionario Febrerista. 
999 |a MARS 
999 f f |s c9bc1797-4e02-3aea-945d-9d9d316ee5da  |i b9fe55a9-f3c5-36b9-b283-46b69e347d5d  |t 0 
952 f f |p ric  |a Texas A&M University  |b Rellis Campus  |c Joint Library Facility  |d Remote Storage  |t 0  |e JL3298.R47 L45  |h Library of Congress classification  |i unmediated -- volume  |m A14803109591 
998 f f |a JL3298.R47 L45  |t 0  |l Remote Storage